Nursing literature reviews : a reflection
Zapisane w:
| 1. autor: | |
|---|---|
| Format: | Książka |
| Język: | angielski |
| Wydane: |
Routledge
2020
|
| Etykiety: |
Dodaj etykietę
Nie ma etykietki, Dołącz pierwszą etykiete!
|
MARC
| LEADER | 00000nam a22000007a 4500 | ||
|---|---|---|---|
| 008 | 240422b |||||||| |||| 00| 0 eng d | ||
| 020 | |a 9780415792714 | ||
| 100 | |a LIPSCOMB, Martin | ||
| 245 | |a Nursing literature reviews |b : a reflection |c Martin lipscomb |g xvi,165p | ||
| 260 | |b Routledge |c 2020 |h Oxon, U.K |i 702777 |l RT81.5.L66 |m Nursing -Research |m Nursing- Research- Methodology |m Nursing literature | ||
| 500 | |a It includes references and index | ||
| 942 | |a lcc |c BK |e Adeyemo O.O |f 22/04/2024 | ||
| 952 | |0 0 |1 0 |2 lcc |4 0 |6 RT00815 L66 |7 0 |9 5093 |a HOL |b HOL |c QZ |d 2024-04-22 |l 0 |o RT81.5.L66 |p 2024-0341 |r 2024-04-22 00:00:00 |t 702777 |w 2024-04-22 |y BK | ||
| 952 | |0 0 |1 0 |2 lcc |4 0 |6 RT00815 L66 |7 0 |9 5116 |a HOL |b HOL |c QZ |d 2024-05-16 |l 0 |o RT81.5.L66 |p 2024-0363 |r 2024-05-16 00:00:00 |t 702777 |w 2024-05-16 |y BK | ||
| 952 | |0 0 |1 0 |2 lcc |4 0 |6 RT00815 L66 |7 0 |9 5441 |a HOL |b HOL |c QZ |d 2024-08-08 |l 0 |o RT81.5.L66 |p 2024-0682 |r 2024-08-08 00:00:00 |t 701157 |w 2024-08-08 |y BK | ||
| 999 | |c 2528 |d 2528 | ||